[Event "Tianjin Binhai Cup 2nd"]
[Site "Tianjin"]
[Date "2020.01.18"]
[Round "9"]
[White "Hu, Yu A"]
[Black "Tian, Jialin"]
[Result "0-1"]
[WhiteElo "2132"]
[BlackElo "1902"]
[PlyCount "96"]
[EventDate "2020.01.13"]
[EventType "swiss"]
[EventRounds "9"]
[EventCountry "CHN"]
[SourceTitle "CBM 194 Extra"]
[Source "ChessBase"]
[SourceDate "2020.03.31"]
[SourceVersion "1"]
[SourceVersionDate "2020.03.31"]
[SourceQuality "1"]

1. e4 e5 2. Nf3 Nc6 3. Bb5 a6 4. Ba4 Nf6 5. d3 d6 6. c3 Be7 7. 0-0 0-0 8. Re1 b5 9. Bb3 Na5 10. Bc2 c5 11. Nbd2 Nc6 12. Nf1 Re8 13. h3 h6 14. Ng3 Bf8 15. d4 Bd7 16. Be3 Rc8 17. d5 Ne7 18. Qd2 Ng6 19. a4 Qc7 20. axb5 axb5 21. Ra2 Ra8 22. Rea1 Qb7 23. Qe1 Rxa2 24. Rxa2 Ra8 25. Qa1 Rxa2 26. Qxa2 Be7 27. Nd2 Bd8 28. Bd3 Kh7 29. Be2 Bb6 30. b3 Bd8 31. c4 b4 32. Qa1 Qc7 33. Nf5 Nxe4 34. Nxe4 Bxf5 35. Ng3 Ne7 36. Nxf5 Nxf5 37. Bd3 g6 38. Bxf5 gxf5 39. Qb1 Qd7 40. g4 Bg5 41. gxf5 Kg7 42. Qe4 Kf6 43. h4 Bxe3 44. Qxe3 Qxf5 45. Qxh6+ Qg6+ 46. Qxg6+ Kxg6 47. Kg2 Kh5 48. Kg3 f6 0-1

[Event "Tianjin Binhai Cup 2nd"]
[Site "Tianjin"]
[Date "2020.01.15"]
[Round "4"]
[White "Tian, Jialin"]
[Black "Sun, Yidi"]
[Result "0-1"]
[WhiteElo "1902"]
[BlackElo "2168"]
[PlyCount "74"]
[EventDate "2020.01.13"]
[EventType "swiss"]
[EventRounds "9"]
[EventCountry "CHN"]
[SourceTitle "CBM 194 Extra"]
[Source "ChessBase"]
[SourceDate "2020.03.31"]
[SourceVersion "1"]
[SourceVersionDate "2020.03.31"]
[SourceQuality "1"]

1. e4 c5 2. Nc3 d6 3. f4 g6 4. Nf3 Bg7 5. g3 Nc6 6. Bg2 e6 7. d3 Nge7 8. 0-0 0-0 9. Be3 Nd4 10. Qd2 Rb8 11. Nd1 b5 12. c3 Nxf3+ 13. Bxf3 b4 14. d4 bxc3 15. bxc3 cxd4 16. cxd4 d5 17. e5 Ba6 18. Re1 Nc6 19. Bf2 Qe7 20. Rc1 Rfc8 21. Re3 Bf8 22. Rec3 Qd7 23. Qe3 Bc4 24. a3 Na5 25. R1c2 Rb1 26. Rb2 Rb8 27. Rxb8 Rxb8 28. h4 Qa4 29. g4 Rb1 30. Kh2 Rxd1 31. Bxd1 Qxd1 32. Kg3 Nb3 33. f5 Nd2 34. Qf4 Ne4+ 35. Kh2 Nxc3 36. fxe6 fxe6 37. h5 Ne4 0-1